=LDR 00000nam 2200000 4500 =001 INLIS000000000002295 =005 20130612090638 =008 ***********************************Ind** =035 ##$$0010-061300000002295 =041 ##$$a Ind =082 ##$$a 808.87 =090 ##$$a 808.87, Cho n =100 ##$$a Chong Kum Fatt =245 ##$$a Humor dan cerita rakyat peribahasa ala Korea, Chong Kum Fatt ; alih bahasa, Andrey Nahan =260 ##$$a 1995 $b Jakarta =300 ##$$a 145 hlm, ilus, 20 cm =650 ##$$a Humor =700 ##$$a Nahan, Audrey =850 ##$$a NBPNMAT